| 000 | 00438nam a2200145 a 4500 | ||
|---|---|---|---|
| 005 | 20140414131957.0 | ||
| 008 | 110209s19uu xx 00 eng d | ||
| 050 |
_aTR 530 _bB35 1992 |
||
| 100 | _aBerger, Melvin. | ||
| 245 |
_aSound, heat & light : energy at work / _cby Melvin Berger ; illustrated by Anna DiVito. |
||
| 260 |
_aNew York : _bScholastic Inc., _cc1992. |
||
| 650 | _aForce and energy. | ||
| 999 |
_c112951 _d112951 |
||